|
|
|
|
| LEADER |
00000naa2a2200000 4500 |
| 001 |
238977 |
| 005 |
20251205161428.0 |
| 035 |
|
|
|a (RuTPU)RU\TPU\book\260188
|
| 035 |
|
|
|a RU\TPU\book\260187
|
| 090 |
|
|
|a 238977
|
| 100 |
|
|
|a 20130603d2012 k y0rusy50 ca
|
| 101 |
0 |
|
|a rus
|
| 102 |
|
|
|a RU
|
| 135 |
|
|
|a drcn ---uucaa
|
| 181 |
|
0 |
|a i
|
| 182 |
|
0 |
|a b
|
| 200 |
1 |
|
|a Статистический подход для анализа российского фондового рынка
|f М. А. Романюк, Л. А. Глик
|g науч. рук. М. Е. Семенов
|d Statistical approach to analysis of russian stock market
|
| 203 |
|
|
|a Текст
|c электронный
|
| 215 |
|
|
|a 1 файл(602 Кб)
|
| 225 |
1 |
|
|a Математика
|
| 300 |
|
|
|a Заглавие с экрана
|
| 320 |
|
|
|a [Библиогр.: с. 647 (5 назв.)]
|
| 330 |
|
|
|a The present article is concerned with statistical review of the stock market of Russia. It contains information about current state of the major Russian stock exchanges and perspectives of their joint development. The purpose of the article is to investigate statistical properties of the most liquid stocks of the Russian stock market and to try to show their interdependence which can help to forecast their future quotes.
|
| 337 |
|
|
|a Adobe Reader
|
| 463 |
|
1 |
|0 (RuTPU)RU\TPU\book\256864
|t Перспективы развития фундаментальных наук
|l Prospects of fundamental sciences development
|o сборник научных трудов IX Международной конференция студентов и молодых ученых, г. Томск, 24-27 апреля 2012 г.
|f Национальный исследовательский Томский политехнический университет (ТПУ) ; ред. коллегия Е. А. Вайтулевич ; Г. А. Лямина ; Г. А. Воронова ; М. П. Никитич ; А. М. Лидер ; Ю. Р. Цой ; М. Е. Семенов
|v [С. 645-647]
|d 2012
|
| 510 |
1 |
|
|a Statistical approach to analysis of russian stock market
|z eng
|
| 610 |
1 |
|
|a электронный ресурс
|
| 610 |
1 |
|
|a труды учёных ТПУ
|
| 610 |
1 |
|
|a статистический расчет
|
| 610 |
1 |
|
|a анализ
|
| 610 |
1 |
|
|a фондовый рынок
|
| 610 |
1 |
|
|a Россия
|
| 700 |
|
1 |
|a Романюк
|b М. А.
|
| 701 |
|
1 |
|a Глик
|b Л. А.
|c математик
|c инженер Томского политехнического университета
|f 1991-
|g Людмила Андреевна
|3 (RuTPU)RU\TPU\pers\33921
|
| 702 |
|
1 |
|a Семенов
|b М. Е.
|c российский математик
|c доцент Томского политехнического университета, кандидат физико-математических наук
|f 1978-
|g Михаил Евгеньевич
|4 727
|
| 801 |
|
1 |
|a RU
|b 63413507
|c 20101016
|
| 801 |
|
2 |
|a RU
|b 63413507
|c 20191212
|g RCR
|
| 856 |
4 |
|
|u http://www.lib.tpu.ru/fulltext/c/2012/C21/217.pdf
|
| 942 |
|
|
|c CF
|